München-Nürnberg-Express Bahnhöfe (BY) - Statistiken

Allgemein
  • Dieses Quiz wurde 121 mal gespielt
  • Das Durchschnittsergebnis liegt bei 19 aus 38
Antwortstatistiken
Bahnhof % Korrekt
Nürnberg Hauptbahnhof
91%
Ingolstadt Hauptbahnhof
90%
München Hauptbahnhof
88%
Ingolstadt Nord
77%
Roth
72%
Pfaffenhofen (Ilm)
70%
Schwabach
66%
Petershausen (Oberbay)
64%
Treuchtlingen
63%
Allersberg (Rothsee)
62%
Kinding (Altmühltal)
60%
Augsburg Hauptbahnhof
59%
Weißenburg (Bay)
58%
Donauwörth
56%
Pleinfeld
53%
Ingolstadt Audi
52%
Rohrbach (Ilm)
52%
Georgensgmünd
51%
Dachau Bahnhof
47%
Ellingen (Bay)
44%
Eichstätt Bahnhof
43%
Pappenheim
43%
Mühlstetten
42%
Augsburg-Oberhausen
41%
Solnhofen
41%
Unterheckenhofen
41%
Baar-Ebenhausen
38%
Otting-Weilheim
38%
Dollnstein
37%
Meitingen
36%
Gaimersheim
34%
Paindorf
32%
Nordendorf
30%
Reichertshausen
30%
Adelschlag
27%
Tauberfeld
26%
Mertingen Bahnhof
25%
Eitensheim
16%
Keine übereinstimmenden Quizze gefunden
Verteilung der Resultate
Anzahl Personen mit jedem Resultat
Perzentil nach korrekt beantworteten Fragen
Ihre Resultats-Entwicklung
Sie haben dieses Quiz noch nicht gespielt